[Event "Novi Becej op 25th"]
[Site "Novi Becej"]
[Date "2007.06.16"]
[Round "8"]
[White "Vukic, Radivoje"]
[Black "Borkovic, Danilo"]
[Result "1-0"]
[WhiteElo "2271"]
[BlackElo "2148"]
[PlyCount "61"]
[EventDate "2007.06.09"]
[EventType "swiss"]
[EventRounds "9"]
[EventCountry "YUG"]
[SourceTitle "CBM 118 Extra"]
[Source "ChessBase"]
[SourceDate "2007.07.04"]
[SourceVersion "1"]
[SourceVersionDate "2007.07.04"]
[SourceQuality "1"]

1. d4 d5 2. c4 e6 3. Nc3 Nf6 4. Bg5 Be7 5. e3 c6 6. cxd5 exd5 7. Qc2 Nbd7 8. Bd3 Nf8 9. Nge2 g6 10. f3 Ne6 11. Bh4 Nh5 12. Bf2 Bd7 13. 0-0-0 Qa5 14. g4 Nhg7 15. Kb1 0-0-0 16. Bg3 Be8 17. f4 Bd6 18. Nb5 f5 19. Bh4 Rd7 20. Nxd6+ Rxd6 21. h3 Rd7 22. Bf6 Kb8 23. Ng3 fxg4 24. hxg4 Nf8 25. g5 Rg8 26. Rc1 Ka8 27. Be5 Nge6 28. Qb3 a6 29. Rxc6 Rd8 30. Rb6 Ka7 31. Rc1 1-0